Color! (SCYNA's Paint by Numbers) - Statistics

General Stats
  • This quiz has been taken 184 times
  • The average score is 14 of 14
Answers on the Map
Answers color-coded by a green-red scale on the quiz's map according to % correct below.
 
Answer Stats
# Hint Answer % Correct
10 Type in a "C" C
99%
13 Type in a "A" A
98%
1 The cerebellum plays a large role in controlling body movements. What is an important aspect of this organ? TASTE or BALANCE? BALANCE
98%
12 Type in a "N" N
98%
9 Type in a "S" S
98%
11 Type in a "Y" Y
98%
2 What is the average weight of the human brain in pounds? THREE or FIVE? THREE
97%
6 What is the largest part of the brain? AMYGDALA or CEREBRUM? CEREBRUM
96%
3 Brainstem ____ the cerebrum and the spinal cord. CONNECTS or SEPARATES? CONNECTS
96%
7 The brain is able to create pathways between which type of cells? BLOOD CELLS or NEURONS? NEURONS
96%
14 Type in "PAINT" PAINT
96%
8 About what percentage of the brain is composed of water? FIFTY or SEVENTY FIVE? SEVENTY FIVE
96%
4 Which animal lacks a brain? JELLYFISH or WHALE? JELLYFISH
95%
5 The parietal lobe aids in the processing of the 5 senses: TOUCH, TASTE, SEE, HEAR, ____? SMELL
93%
No matching quizzes found
Score Distribution
Percent of People with Each Score
Percentile by Number Answered
Your Score History
You have not taken this quiz